| 000 | 00336nam a2200133Ia 4500 | ||
|---|---|---|---|
| 008 | 150201s2010 xx 000 0 und d | ||
| 082 |
_a612.015 _bB10P |
||
| 100 | _aPUROHIT,SS | ||
| 245 | _aBIOCHEMISTRY FUNDAMENTALS AND APPLICATIONS | ||
| 250 | _a1ST | ||
| 260 |
_bAGRO, HOUSE _aDELHI _c2010 |
||
| 650 | _aBIOCHEMISTRY | ||
| 942 |
_2ddc _cBK |
||
| 999 |
_c1087 _d1087 |
||